Entwicklung in Erlangen

Hlavní autor: Fischer, Ursula
Jazyk: Neurčený, nezjistitelný
Vydáno: Erlangen : vl. n., 1993
Mikrodokument
Uloženo v:
LEADER 00526nam a2200169 a 4500
001 000002993
003 CZ BrMZK
008 941107s1993 gw f und d
020 |c 80.00 
040 |a BOA001  |b cze 
100 1 |a Fischer, Ursula 
245 1 0 |a Entwicklung in Erlangen 
260 |a Erlangen :  |b vl. n.,  |c 1993 
541 |a Erlangen, Universitätsbibliothek 
910 |a BOA001  |b Mfš-0998.347 
990 |a BK 
996 6 |b 2993-10  |c Mfš-0998.347  |l Stud. periodik/2.patro  |r Sklad / do 1 hodiny  |n 0  |p vým  |w 000002993  |u 000010  |a 1  |e BOA001  |j MZK50  |s P